| 000 | 00365nam a2200145Ia 4500 | ||
|---|---|---|---|
| 100 | _aAntoniou/Andreas | ||
| 650 | _aElectrical Engineering | ||
| 942 | _cBK | ||
| 654 | _aDigital Filter :Analysis & Design | ||
| 245 | _aDigital Filters : Analysis & Design | ||
| 260 |
_bTata McGraw Hill _aNew Delhi _c1986 |
||
| 082 | _a621.3 | ||
| 300 | _a523 | ||
| 546 | _aENGLISH | ||
| 999 |
_c33162 _d33162 |
||